Normal view
MARC view
- JOOS, Georg
Entry Personal Name
001 - CONTROL NUMBER
- control field: 39709
003 - CONTROL NUMBER IDENTIFIER
- control field: NUST
005 - DATE AND TIME OF LATEST TRANSACTION
- control field: 20210314131522.0
008 - FIXED-LENGTH DATA ELEMENTS
- fixed length control field: 210314|| aca||aabn | a|a d
040 ## - CATALOGING SOURCE
- Original cataloging agency: NUST
- Transcribing agency: NUST
100 ## - HEADING--PERSONAL NAME
- Personal name: JOOS, Georg
670 ## - SOURCE DATA FOUND
- Source citation: Work cat.: (NUST): JOOS, Georg, Theoretical Physics, 1934
